General banking operation: A study of Agrani Bank Limited, Shawrapara Branch, Dhaka / (Record no. 14292)

MARC details
000 -LEADER
fixed length control field 01070nam a22002417a 4500
003 - CONTROL NUMBER IDENTIFIER
control field BD-DhSAU
005 - DATE AND TIME OF LATEST TRANSACTION
control field 20181202155623.0
008 - FIXED-LENGTH DATA ELEMENTS--GENERAL INFORMATION
fixed length control field 160731b2015 bg ||||| |||| 001 0 eng d
040 ## - CATALOGING SOURCE
Original cataloging agency BD-DhSAU
082 ## - DEWEY DECIMAL CLASSIFICATION NUMBER
Edition number 22
Classification number 310
Item number Si134
100 ## - MAIN ENTRY--PERSONAL NAME
Personal name Siddiqua , Marufa
Relator term Registration # 10-03959
245 ## - TITLE STATEMENT
Title General banking operation: A study of Agrani Bank Limited, Shawrapara Branch, Dhaka /
Remainder of title MS Thesis
Statement of responsibility, etc. Siddiqua , Marufa
260 ## - PUBLICATION, DISTRIBUTION, ETC. (IMPRINT)
Place of publication, distribution, etc. Sher-e-Bangla Agricultural Uniersity :
Name of publisher, distributor, etc. Department of Agricultural Statistics
Date of publication, distribution, etc. 2015
300 ## - PHYSICAL DESCRIPTION
Extent iii, 58p. :
Other physical details ill. ;
Dimensions 30 cm.
500 ## - GENERAL NOTE
General note MS thesis of Department of Agricultural Statistics , Faculty of Agribusiness Management, Sher-e-Bangla Agricultural University, Dhaka, Bangladesh
590 ## - Name of Cataloguer
Name of Cataloger Shofi
650 ## - SUBJECT ADDED ENTRY--TOPICAL TERM
Topical term or geographic name as entry element Agricultural Statistics
650 ## - SUBJECT ADDED ENTRY--TOPICAL TERM
Topical term or geographic name as entry element General banking operation
650 ## - SUBJECT ADDED ENTRY--TOPICAL TERM
Topical term or geographic name as entry element Agrani Bank Limited, Shawrapara Branch,
Geographic subdivision Dhaka
700 ## - ADDED ENTRY--PERSONAL NAME
Personal name Sammy , Hasan Mahammad
Relator term Supervisor
856 ## - ELECTRONIC LOCATION AND ACCESS
Uniform Resource Identifier <a href="http://archive.saulibrary.edu.bd:8080/xmlui/handle/123456789/1894">http://archive.saulibrary.edu.bd:8080/xmlui/handle/123456789/1894</a>
Link text Online Access
942 ## - ADDED ENTRY ELEMENTS (KOHA)
Source of classification or shelving scheme Dewey Decimal Classification
Koha item type MS Level Thesis
Holdings
Withdrawn status Lost status Source of classification or shelving scheme Damaged status Not for loan Collection code Home library Branch Name Date acquired Total Checkouts Full call number Barcode Date last seen Price effective from Koha item type
    Dewey Decimal Classification   Not For Loan Reference SAU Library SAU Library 25/03/2018   310 Si134 40762 08/04/2018 08/04/2018 MS Level Thesis